Countries That Drive on the Left - Statistics

General Stats
  • This quiz has been taken 56 times
  • The average score is 42 of 54
Answer Stats
Country % Correct
United Kingdom
100%
Australia
97%
Ireland
93%
Japan
93%
New Zealand
93%
India
90%
South Africa
90%
Indonesia
87%
Singapore
87%
Sri Lanka
87%
Brunei
83%
Cyprus
83%
Fiji
83%
Jamaica
83%
Kenya
83%
Malaysia
83%
Saint Kitts and Nevis
83%
Thailand
83%
Antigua and Barbuda
80%
Barbados
80%
Nepal
80%
Saint Vincent and the Grenadines
80%
Tonga
80%
Zambia
80%
Bahamas
77%
Bangladesh
77%
Bhutan
77%
Samoa
77%
Solomon Islands
77%
Tanzania
77%
Zimbabwe
77%
Dominica
73%
Eswatini
73%
Lesotho
73%
Pakistan
73%
Saint Lucia
73%
Seychelles
73%
Trinidad and Tobago
73%
Tuvalu
73%
Uganda
73%
East Timor
70%
Kiribati
70%
Malawi
70%
Maldives
70%
Malta
70%
Mauritius
70%
Namibia
70%
Grenada
67%
Mozambique
67%
Nauru
67%
Papua New Guinea
67%
Botswana
63%
Guyana
60%
Suriname
53%
No matching quizzes found
Score Distribution
Percent of People with Each Score
Percentile by Number Answered
Your Score History
You have not taken this quiz